| 000 | 00396nam a22001577a 4500 | ||
|---|---|---|---|
| 999 |
_c257427 _d257426 |
||
| 003 | OSt | ||
| 005 | 20181130142405.0 | ||
| 008 | 181130b xxu||||| |||| 00| 0 eng d | ||
| 040 | _cn/a | ||
| 050 |
_aZ669 _b.K85 2011 |
||
| 100 | _aKawatra P.S | ||
| 245 | _aTextbook of information science | ||
| 260 |
_aNew Delhi-India _bA.P.H. PUB. CORPORATION _c2011 |
||
| 300 |
_a323p _bill |
||
| 942 |
_2lcc _cBK |
||